000
00326nam a2200133Ia 4500
005
20251222141944.0
008
251222s9999||||xx |||||||||||||| ||spa||
020
_a
84-40080406-4
082
_a
255.51/D64
245
0
_a
Devocionario de los Fieles y Cantos Gregorianos.
250
_a
2a. ed.
264
_b
Galduria
942
_c
LIB
999
_c
9454
_d
9454